Modern Islam in India:a social analysis (Record no. 494834)

000 -LEADER
fixed length control field 00432cam a22001217a 4500
008 - FIXED-LENGTH DATA ELEMENTS--GENERAL INFORMATION
fixed length control field 180718b1943 xxu||||| |||| 00| 0 eng d
082 ## - DEWEY DECIMAL CLASSIFICATION NUMBER
Classification number AB7x54 Sm68m
100 ## - MAIN ENTRY--PERSONAL NAME
Personal name Smith, Wilfred Cantwell
245 ## - TITLE STATEMENT
Title Modern Islam in India:a social analysis
Statement of responsibility, etc. by Wilfred Cantwell Smith
260 ## - PUBLICATION, DISTRIBUTION, ETC.
Place of publication, distribution, etc. Lahore
Name of publisher, distributor, etc. Minerva Book Shop
Date of publication, distribution, etc. 1943
300 ## - PHYSICAL DESCRIPTION
Extent 399p
650 ## - SUBJECT ADDED ENTRY--TOPICAL TERM
Topical term or geographic name entry element Muslims -India.Nationalism and religion -India.Islam -India.India -Intellectual life.
Holdings
Withdrawn status Lost status Damaged status Not for loan Permanent Location Current Location Date acquired Full call number Barcode Date last seen Price effective from Koha item type
        Indian Institute of Public Administration Indian Institute of Public Administration 2018-08-04 AB7x54 Sm68m GR5048 2018-08-04 2018-08-04 GR

Powered by Koha